[Event "Muresul Cup"]
[Site "Arad ROM"]
[Date "2006.05.20"]
[Round "1"]
[White "Bach,A"]
[Black "Landenbergue,C"]
[Result "0-1"]
[WhiteElo "2287"]
[BlackElo "2435"]

1.e4 c5 2.Nf3 Nc6 3.d4 cxd4 4.Nxd4 Qb6 5.Nb3 Nf6 6.Nc3 e6 7.Bd3 a6 8.O-O Qc7
9.f4 d6 10.Qe2 Be7 11.Bd2 b5 12.Rae1 Nd7 13.Rf3 Bb7 14.Nd5 exd5 15.exd5 Nce5
16.Ba5 Qb8 17.fxe5 Nxe5 18.Be4 g6 19.Rf2 O-O 20.Nd4 Bd8 21.Bd2 Bb6 22.c3 Qc7
23.Bh6 Rfe8 24.Rf6 b4 25.Kh1 bxc3 26.Nf5 gxf5 27.Rxf5 Ng6 28.Ref1 Re7 29.Bg5 Rae8
30.Bxe7 Rxe7 31.bxc3 Qxc3 32.Rxf7 Rxf7 33.Rxf7 Kxf7 34.Bxg6+ hxg6 35.Qe6+ Kf8
36.Qxd6+ Ke8 37.Qe6+ Kd8 38.Qxb6+ Qc7 39.Qf6+ Qe7 40.Qb6+ Kc8 41.h3 Qe4 42.Qd6 g5
43.Qf8+ Kd7 44.Qg7+ Qe7 45.Qd4 Kc7 46.Qc3+ Kd7 47.Qd4 Qd6 48.Qg7+ Kc8 49.Qxg5 Bxd5
50.a3 Kc7 51.h4 Kc6 52.Qe3 a5 53.Kg1 Qg6 54.Qc3+ Kb5 55.Qb2+ Kc5 56.Qc3+ Kd6
57.g3 Qe4 58.Kf2 a4 59.Qe3 Qg2+ 60.Ke1 Qb2 61.Qf4+ Kc5 62.Qxa4 Qc3+ 63.Kf2 Qf3+
64.Ke1 Qe3+ 65.Kf1 Bc4+ 66.Kg2 Qe4+ 67.Kf2 Qd4+ 68.Ke1 Qe3+  0-1

[Event "9th L.Kaplun Mem"]
[Site "Ternopil UKR"]
[Date "2006.05.25"]
[Round "3"]
[White "Nazarevich,V"]
[Black "Kachur,A"]
[Result "1-0"]
[WhiteElo "2329"]
[BlackElo "2261"]

1.e4 c5 2.Nf3 Nc6 3.d4 cxd4 4.Nxd4 Qc7 5.Nc3 e6 6.Be3 a6 7.Qd2 Nf6 8.f3 Bb4
9.a3 Be7 10.O-O-O b5 11.g4 h6 12.h4 b4 13.axb4 Bxb4 14.Be2 Na5 15.Qd3 Bb7
16.Na2 Be7 17.b4 Nc6 18.Qc3 Rc8 19.Nxc6 Qxc6 20.Qxc6 Rxc6 21.b5 axb5 22.Bxb5 Rc7
23.Bf4 Rc5 24.c4 Bc6 25.Be3 Rxb5 26.cxb5 Bxb5 27.Nc3 Bc6 28.g5 Nh5 29.gxh6 g6
30.Bg5 Ba3+ 31.Kc2 O-O 32.Ra1 Bc5 33.Kd3 f5 34.Kc4 Bd6 35.Rhd1 Be5 36.Ra5 Bc7
37.Ra7 Be5 38.Nd5 exd5+ 39.exd5 Ba8 40.Rxd7 Rc8+ 41.Kb5 Nf6 42.Rg7+ Kh8 43.Re1 Bc3
44.d6 Bc6+ 45.Kc4 Bd5+ 46.Kd3  1-0

[Event "Summer-1"]
[Site "Alushta UKR"]
[Date "2006.06.02"]
[Round "1"]
[White "Podgursky,S"]
[Black "Kononenko,Dmitry1"]
[Result "0-1"]
[WhiteElo "2314"]
[BlackElo "2472"]

1.e4 c5 2.Nf3 Nc6 3.d4 cxd4 4.Nxd4 Qb6 5.Nb3 Nf6 6.Nc3 e6 7.a3 d6 8.Be2 Be7
9.O-O O-O 10.Kh1 a6 11.f4 Qc7 12.Bf3 Nd7 13.Qe1 b5 14.Be3 Bb7 15.Rd1 Rfe8
16.Qg3 Kh8 17.Bh5 g6 18.Bf3 Nb6 19.Be2 b4 20.axb4 Nxb4 21.Rd2 Nc4 22.Bxc4 Qxc4
23.Ra1 Qc7 24.Na5 Rac8 25.Nxb7 Qxb7 26.Qf2 Rc4 27.Rd4 Rxd4 28.Bxd4+ Kg8 29.f5 Nc6
30.Rf1 Bg5 31.h4 Bh6 32.Bb6 Ne5 33.Bd4 Nc6 34.Bf6 Rf8 35.b3 Rc8 36.Qg3 Ne5
37.h5 Qb4 38.fxg6 fxg6 39.Bxe5 dxe5 40.Rf3 Bf4 41.Qh3 Qd6 42.Rd3 Qe7 43.g3 Bg5
44.Qg4 gxh5 45.Qxh5 Kg7 46.Qg4 h6 47.Qd1 Rc7 48.Ne2 Kg6 49.Ng1 Qc5 50.c4 Qc6
51.Qe2 Kh7 52.Nf3 Bf6 53.Nh2 Bg7 54.Ng4 a5 55.Ne3 Qxe4+ 56.Kh2 Rf7 57.Qd2 Rf3
58.c5 Qg6 59.g4 Qe4 60.Qe2 Qf4+ 61.Kg1 e4 62.Rd7 Rxe3  0-1

[Event "21st Schachtage"]
[Site "Hassloch GER"]
[Date "2006.06.06"]
[Round "7"]
[White "Rosner,J"]
[Black "Postojev,A"]
[Result "0-1"]
[WhiteElo "2077"]
[BlackElo "2261"]

1.e4 c5 2.Nf3 Nc6 3.d4 cxd4 4.Nxd4 Qb6 5.Nb3 Nf6 6.Nc3 e6 7.Qe2 d6 8.Be3 Qc7
9.O-O-O a6 10.g4 b5 11.f3 Bb7 12.h4 Rc8 13.Kb1 Ne5 14.h5 b4 15.Na4 Nfd7 16.Nd4 Be7
17.g5 Qa5 18.b3 Nc4 19.Rg1 Na3+ 20.Ka1 Nc5 21.Nb2 e5 22.Nf5 Nxe4 23.fxe4 Nxc2+
24.Kb1 Bxe4 25.Bb6 Qd5 26.Bg2 Ne3+ 27.Nd3 Nxd1 28.Rxd1 Bxg2 29.Ne3 Bf3 30.Qf2 Qe4
31.Rd2 Rc3 32.Qf1 Bxg5  0-1

[Event "Summer-1"]
[Site "Alushta UKR"]
[Date "2006.06.11"]
[Round "14"]
[White "Rozhkov,V"]
[Black "Kononenko,Dmitry1"]
[Result "0-1"]
[WhiteElo "2191"]
[BlackElo "2472"]

1.e4 c5 2.Nf3 Nc6 3.d4 cxd4 4.Nxd4 Qb6 5.Nb3 Nf6 6.Nc3 e6 7.Be3 Qc7 8.a3 a6
9.g3 Ne5 10.Bg2 b5 11.O-O Bb7 12.Qe2 Nc4 13.Bc1 d6 14.f4 Be7 15.Kh1 O-O 16.g4 Rfe8
17.g5 Nd7 18.Nd4 Bf8 19.b3 Nxa3 20.Rf3 b4 21.Rh3 g6 22.Na2 e5 23.Nxb4 exd4
24.Bxa3 Nc5 25.Qf2 Rxe4 26.Nd3 Rae8 27.Nxc5 dxc5 28.Bxe4 Rxe4 29.Kg1 Rxf4
30.Qg3 Qc6  0-1

[Event "ch-StP"]
[Site "St Petersburg RUS"]
[Date "2006.06.13"]
[Round "11"]
[White "Ivanov,Al3"]
[Black "Popov,Val"]
[Result "1/2-1/2"]
[WhiteElo "2375"]
[BlackElo "2587"]

1.e4 c5 2.Nf3 Nc6 3.d4 cxd4 4.Nxd4 Qb6 5.Nb3 Nf6 6.Nc3 e6 7.Bd3 Be7 8.Be3 Qc7
9.f4 d6 10.Qf3 a6 11.g4 b5 12.g5 Nd7 13.h4 Bb7 14.O-O-O Nb4 15.Kb1 d5 16.Bd4 Nxd3
17.cxd3 dxe4 18.Nxe4 O-O 19.Rc1 Qd8 20.Qh3 Rc8 21.Rcg1  1/2-1/2

[Event "10th Heraclion Open"]
[Site "Athens GRE"]
[Date "2006.06.14"]
[Round "5"]
[White "Makka,I"]
[Black "Lagos,T"]
[Result "1-0"]
[WhiteElo "2198"]
[BlackElo "1668"]

1.e4 c5 2.Nf3 Nc6 3.d4 cxd4 4.Nxd4 Qb6 5.Nb3 e6 6.Be3 Qc7 7.a3 Nf6 8.Nc3 a6
9.f4 d6 10.Bd3 Be7 11.Qf3 b5 12.O-O Bb7 13.Nd4 Nd7 14.Nxc6 Bxc6 15.Bd4 f6
16.Qg4 Kf7 17.Rae1 e5 18.Be3 Rag8 19.Nd5 Qb7 20.c4 Nc5 21.Bxc5 dxc5 22.fxe5 Bd7
23.Qh5+ g6 24.Qf3 Qc6 25.exf6 Bd8 26.e5 Re8 27.Qf4 Be6 28.Be4 Qc8 29.Qh6 Reg8
30.Rd1 Qb7 31.Nc3 Qc7 32.Bd5 Bxd5 33.Rxd5 Qc8 34.Ne4 Bxf6 35.Nd6+ Ke6 36.Rxf6+ Ke7
37.Rf7+  1-0

[Event "10th Heraclion Open"]
[Site "Athens GRE"]
[Date "2006.06.15"]
[Round "6"]
[White "Klokas,K"]
[Black "Kakkanas,E"]
[Result "1-0"]
[WhiteElo "2235"]
[BlackElo "2116"]

1.e4 c5 2.Nf3 Nc6 3.d4 cxd4 4.Nxd4 Qc7 5.Nc3 e6 6.Be3 a6 7.Bd3 Nf6 8.O-O Ne5
9.Nf3 Nfg4 10.Nxe5 Nxe5 11.f4 Ng6 12.Qh5 Bb4 13.Bd4 Qa5 14.Qxa5 Bxa5 15.Bxg7 Rg8
16.Bf6 b5 17.a3 Bb7 18.b4 Bc7 19.Ne2 d5 20.e5 Bb6+ 21.Kh1 Kd7 22.Rf3 Rac8
23.Rg3 h5 24.f5 Ne7 25.fxe6+ fxe6 26.Rh3 d4 27.Ng3 Nd5 28.Rxh5 Bc7 29.Rh7+ Kc6
30.Ne4 Kb6 31.Re1 Ne3 32.Re2 Ng4 33.Nc5 Bd5 34.Be4 Bc4 35.Rd2 Nxf6 36.exf6 e5
37.Nd7+ Ka7 38.Nxe5 Rh8 39.Rxh8 Rxh8 40.Nxc4 Rxh2+ 41.Kg1 bxc4 42.Rxd4 Rh6
43.Rd7 Kb6 44.f7 Rf6 45.g4 Rf4 46.Bf5  1-0

[Event "FSIM June"]
[Site "Budapest HUN"]
[Date "2006.06.15"]
[Round "11"]
[White "Delabaca,R"]
[Black "Mihok,O"]
[Result "1/2-1/2"]
[WhiteElo "2203"]
[BlackElo "2215"]

1.e4 c5 2.Nf3 Nc6 3.d4 cxd4 4.Nxd4 Qb6 5.Nb3 Nf6 6.Nc3 e6 7.Be3 Qc7 8.Bd3 a6
9.O-O d6 10.f4 Be7 11.Qf3 O-O 12.Rae1 Nb4 13.Kh1 Re8 14.Qg3 Nd7 15.f5 Bf6
16.fxe6 fxe6 17.Bd4 Bxd4 18.Nxd4 Ne5 19.Re2 Qe7 20.Ref2 Bd7 21.a3 Nbc6 22.Nf3 Rf8
23.Nxe5 Nxe5 24.Ne2 Rxf2 25.Qxf2 Rf8 26.Qxf8+ Qxf8 27.Rxf8+ Kxf8 28.h3 Ke7
29.Kg1 Nxd3 30.cxd3 Bb5 31.Nc1 e5 32.Kf2 g5 33.Ke3 Bd7  1/2-1/2

[Event "National Open"]
[Site "Las Vegas USA"]
[Date "2006.06.16"]
[Round "1"]
[White "Bruno,Ro"]
[Black "Kritz,L"]
[Result "0-1"]
[WhiteElo "2202"]
[BlackElo "2578"]

1.e4 c5 2.Nf3 Nc6 3.d4 cxd4 4.Nxd4 Qb6 5.Nb5 a6 6.Be3 Qa5+ 7.Bd2 Qd8 8.N5c3 e6
9.Bd3 Nf6 10.O-O Be7 11.Kh1 O-O 12.Be3 d5 13.exd5 exd5 14.Bg5 Qd6 15.Ne2 Qe5
16.Bc1 Bd6 17.Ng3 Bg4 18.f3 Nh5 19.Qe1 Qxe1 20.Rxe1 Nxg3+ 21.hxg3 Bxg3 22.Rd1 Be6
23.c3 Ne5 24.Be2 Nc4 25.b3 Nd6 26.Nd2 Rac8 27.Bb2 Be5 28.Rac1 Nf5 29.Nf1 Rc6
30.Bd3 Ng3+ 31.Nxg3 Bxg3 32.c4 dxc4 33.bxc4 Bf2 34.g4 Be3 35.Rc2 f5 36.gxf5 Bxf5
37.Bxf5 Rxf5 38.Rd8+ Rf8 39.Rd7 Bh6 40.Rg2 Rxf3 41.Bxg7 Rf1+ 42.Kh2 Bf4+  0-1

[Event "10th Heraclion Open"]
[Site "Athens GRE"]
[Date "2006.06.17"]
[Round "8"]
[White "Koutourinis,A"]
[Black "Kakkanas,E"]
[Result "1-0"]
[WhiteElo "1917"]
[BlackElo "2116"]

1.e4 c5 2.Nf3 Nc6 3.d4 cxd4 4.Nxd4 Qc7 5.Nc3 e6 6.Be3 a6 7.a3 Nf6 8.Be2 Na5
9.O-O Be7 10.f4 d6 11.Kh1 Bd7 12.Qe1 g6 13.Rd1 Rc8 14.Qf2 Nc4 15.Bc1 Nxa3
16.e5 Ng8 17.exd6 Bxd6 18.Ne4 Nxc2 19.Nxd6+ Qxd6 20.Nxc2 Qe7 21.Ne3 Nf6 22.Nc4 O-O
23.Ne5 Ba4 24.Rd4 b5 25.Bd2 Rc2 26.Bb4 Qa7 27.Bxf8 Rxe2 28.Rd8 Qc7 29.Qd4 Nd5
30.Nc6 f6 31.Bd6+ Qxd8 32.Nxd8  1-0

[Event "National Open"]
[Site "Las Vegas USA"]
[Date "2006.06.18"]
[Round "5"]
[White "Anka,E"]
[Black "Kritz,L"]
[Result "1/2-1/2"]
[WhiteElo "2425"]
[BlackElo "2578"]

1.e4 c5 2.Nf3 Nc6 3.d4 cxd4 4.Nxd4 Qb6 5.Nb3 Nf6 6.Nc3 e6 7.Qe2 Bb4 8.Bd2 O-O
9.a3 Bxc3 10.Bxc3 e5 11.O-O-O Rd8 12.Bd2 d5 13.exd5 Nxd5 14.Qf3 Be6 15.Bc4 Nd4
16.Qg3 Ne7 17.Nxd4 Bxc4 18.Bb4 Ng6 19.Nf5 Qe6 20.Qg5 Rxd1+ 21.Rxd1 h6 22.Qg4 a5
23.Rd6 Be2 24.Nxh6+ gxh6 25.Qxe2 Qa2 26.Bc3 Qa1+ 27.Kd2 Qg1 28.Rxg6+ fxg6
29.Qc4+ Kf8 30.Qc5+ Kf7 31.Qd5+ Kf8 32.Qd6+ Kf7 33.Qd5+ Kf8 34.Qc5+ Kf7 35.Qd5+  1/2-1/2

[Event "Open A"]
[Site "Balatonlelle HUN"]
[Date "2006.06.20"]
[Round "4"]
[White "Maringer,W"]
[Black "Metaxasz,V"]
[Result "1/2-1/2"]
[WhiteElo "2090"]
[BlackElo "2127"]

1.e4 c5 2.Nf3 Nc6 3.d4 cxd4 4.Nxd4 Qb6 5.Nf3 Nf6 6.Nc3 e6 7.Bd3 a6 8.O-O d6
9.Be3 Qc7 10.Nd4 Be7 11.f4 O-O 12.Qf3 Bd7 13.Rad1 e5 14.Nf5 Bxf5 15.exf5 exf4
16.Qxf4 Ne5 17.Be2 Rac8 18.Kh1 b5 19.a3 Qa5 20.Bd4 Rfe8 21.Rf2 h6 22.g4 Nc6
23.Bxf6 Bxf6 24.Qxd6 Bxc3 25.bxc3 Qxc3 26.Qd3 Ne5 27.Qxc3 Rxc3 28.Bd3 Nxg4
29.Rf4 Ne5 30.a4 Nc4 31.axb5 axb5 32.Rb1 Re5 33.f6 gxf6  1/2-1/2

[Event "Open A"]
[Site "Balatonlelle HUN"]
[Date "2006.06.21"]
[Round "5"]
[White "Nabaty,T"]
[Black "Vyskocil,N"]
[Result "1-0"]
[WhiteElo "2156"]
[BlackElo "2307"]

1.e4 c5 2.Nf3 Nc6 3.d4 cxd4 4.Nxd4 Qc7 5.Nc3 e6 6.Be3 a6 7.f4 d6 8.Qf3 Nf6
9.O-O-O Be7 10.g4 Nd7 11.g5 Nc5 12.Nxc6 Qxc6 13.Bd4 O-O 14.Rg1 b5 15.f5 b4
16.f6 Bd8 17.fxg7 Re8 18.Qh5 bxc3 19.Rg4 e5 20.Rh4 Bxg5+ 21.Qxg5 Nxe4 22.Qh5 Nf6
23.Qh6 cxb2+ 24.Bxb2 Bf5 25.Rc4 Ng4 26.Rxc6 Nxh6 27.Rdxd6 Ng4 28.Bc4 a5 29.Rc7 Be6
30.Bxe6 Rxe6 31.Rxe6 fxe6 32.h3 Nf2 33.h4 Ng4 34.c4 Rd8 35.c5 Rd5 36.c6 Ne3
37.Ba3 Rd1+ 38.Kb2 Nc4+ 39.Kb3 Nb6 40.Rb7  1-0

[Event "Open A"]
[Site "Balatonlelle HUN"]
[Date "2006.06.22"]
[Round "6"]
[White "Maringer,W"]
[Black "Horvath,Ju"]
[Result "0-1"]
[WhiteElo "2090"]
[BlackElo "2261"]

1.e4 c5 2.Nf3 Nc6 3.d4 cxd4 4.Nxd4 Qc7 5.Nc3 e6 6.Be2 Nf6 7.O-O a6 8.Be3 Be7
9.Nxc6 bxc6 10.a4 d5 11.exd5 cxd5 12.a5 O-O 13.Na4 Bb7 14.Bb6 Qc6 15.Bd4 Nd7
16.f4 Rac8 17.Bd3 Bf6 18.Bxf6 Nxf6 19.Qe2 Rfd8 20.Kh1 d4 21.Nb6 Rc7 22.Nc4 Qc5
23.Rae1 g6 24.Qe5 Nd7 25.Qd6 Qxd6 26.Nxd6 Nc5 27.Nc4 Bd5 28.Nb6 Nxd3 29.cxd3 Rc2
30.Nxd5 Rxd5 31.b4 Rb5 32.Rb1 Rd2 33.Rb3 Ra2 34.Rfb1 e5 35.Kg1 exf4 36.R1b2 Ra1+
37.Rb1 Rxb1+ 38.Rxb1 Kg7 39.Kf2 Kf6 40.Kf3 Kf5 41.Rc1 g5 42.Rc5+ Rxc5 43.bxc5 g4+  0-1

[Event "Open A"]
[Site "Balatonlelle HUN"]
[Date "2006.06.24"]
[Round "8"]
[White "Almasi,I"]
[Black "Horvath,Ju"]
[Result "1-0"]
[WhiteElo "2440"]
[BlackElo "2261"]

1.e4 c5 2.Nf3 Nc6 3.d4 cxd4 4.Nxd4 Qc7 5.Nc3 e6 6.Be2 Nf6 7.O-O a6 8.Kh1 Be7
9.f4 d6 10.Be3 O-O 11.Qe1 Bd7 12.Qg3 Nxd4 13.Bxd4 Bc6 14.Bd3 Rad8 15.Rae1 Rd7
16.Qh3 e5 17.Bf2 Qc8 18.Nd5 Bd8 19.Bh4 Bxd5 20.exd5 e4 21.Bxf6 exd3 22.Bxd8 d2
23.Rd1 Rfxd8 24.Qd3 Re7 25.Qxd2 Rde8 26.Rde1 g6 27.Rxe7 Rxe7 28.b3 Qe8 29.h3 Re2
30.Qd3 f5 31.Rf3 Kf7 32.Kh2 Re4 33.Qc3 Qd8 34.a4 h5 35.b4 h4 36.a5 Qf6 37.Qc8 Re7
38.Rc3 Qd4 39.Qc4 Qd1 40.Rd3 Qa1 41.Qd4 Qc1 42.Rc3 Qe1 43.Qh8 Qf2 44.Qh7+ Kf6
45.Qh6 Qe1 46.Qf8+  1-0

[Event "Suduroy International"]
[Site "Vagur AUT"]
[Date "2006.06.25"]
[Round "2"]
[White "Thorsteinsson,S"]
[Black "Rodgaard,J"]
[Result "0-1"]
[WhiteElo "2067"]
[BlackElo "2344"]

1.e4 c5 2.Nf3 Nc6 3.d4 cxd4 4.Nxd4 Qb6 5.Nb3 e6 6.Be3 Qc7 7.g3 Nf6 8.Bg2 Bb4+
9.N1d2 Be7 10.O-O O-O 11.c3 d5 12.Qe2 Rd8 13.Rad1 e5 14.h3 Be6 15.g4 h6 16.f4 exf4
17.Bxf4 Bd6 18.Be3 Nxe4 19.Nxe4 dxe4 20.Bxe4 Ne5 21.Qg2 Nc4 22.Bc1 Rab8 23.Kh1 Be5
24.Qf3 Nd6 25.Bd5 Qe7 26.Rfe1 f6 27.Nd4 Bxd5 28.Qxd5+ Nf7 29.Nf5 Qe8 30.Qg2 Rxd1
31.Rxd1 Rd8 32.Rd5 Bc7 33.Bd2 Rxd5 34.Qxd5 Qe2 35.Kg1 Qh2+ 36.Kf1 Qxh3+ 37.Qg2 Qxg2+
38.Kxg2 Ne5 39.Ne7+ Kf7 40.Nd5 Bd6 41.Kh3 Nd3 42.b4 b5 43.Kg2 Ke6 44.Ne3 Bf4
45.Nf1 f5 46.Kf3 g5 47.Bxf4 Nxf4 48.gxf5+ Kxf5 49.Ne3+ Ke5 50.c4 h5 51.cxb5 Nd5
52.Nc4+ Kd4 53.Na5 Nxb4 54.Nc6+ Kc5 55.Nxa7 Nxa2 56.Nc6 Nc3 57.Ne5 Nxb5 58.Nf7 Nd4+
59.Ke3 Ne6 60.Nxg5 Nxg5 61.Kf4 Nh7 62.Kg3 Kd5 63.Kh4 Nf6 64.Kg3 Ke5 65.Kh4 Kf5
66.Kg3 Kg5 67.Kh3 h4 68.Kg2 Kg4 69.Kh2 h3 70.Kg1 Kg3 71.Kh1 Ng4 72.Kg1 h2+  0-1

[Event "56th ch-RUS w Top League"]
[Site "Orel RUS"]
[Date "2006.06.29"]
[Round "1"]
[White "Komiagina,M"]
[Black "Girya,O"]
[Result "1-0"]
[WhiteElo "2341"]
[BlackElo "2201"]

1.e4 c5 2.Nf3 Nc6 3.d4 cxd4 4.Nxd4 Qb6 5.Nb3 Nf6 6.Nc3 e6 7.Bd3 a6 8.f4 d6
9.Qf3 Be7 10.Be3 Qc7 11.O-O-O O-O 12.g4 Nb4 13.Kb1 Nxd3 14.cxd3 b5 15.Rc1 Qb8
16.g5 Nd7 17.d4 Nb6 18.Na5 Bd7 19.f5 b4 20.Ne2 d5 21.Bf4 dxe4 22.Qg3 Qe8
23.f6 Bd8 24.fxg7 Kxg7 25.Be5+ Kg8 26.Qh4 f5 27.gxf6 Rf7 28.Rhg1+ Kh8 29.Qh6 Bb5
30.Rg7 Bd3+ 31.Ka1 e3 32.Nb7 Nc4 33.Rxc4  1-0

[Event "III Open"]
[Site "Sanxenxo ESP"]
[Date "2006.07.02"]
[Round "8"]
[White "Navarro Cia,M"]
[Black "Rodriguez Lopez,R"]
[Result "1-0"]
[WhiteElo "2350"]
[BlackElo "2267"]

1.e4 c5 2.Nf3 Nc6 3.d4 cxd4 4.Nxd4 Qb6 5.Nb3 e6 6.Nc3 Qc7 7.Be3 Nf6 8.f3 Bb4
9.Qd2 d5 10.a3 Bxc3 11.Qxc3 dxe4 12.O-O-O O-O 13.fxe4 Nxe4 14.Qe1 f5 15.g4 Nf6
16.gxf5 exf5 17.Rg1 Re8 18.Qc3 Qe5 19.Qxe5 Nxe5 20.Bg2 Nc6 21.Bh6 Ng4 22.Bf4 Nf2
23.Bxc6 bxc6 24.Rd6 Nh3 25.Rf1 Ba6 26.Rf3 Ng1 27.Rf2 Ne2+ 28.Kb1 Bb5 29.Bd2 g6
30.Ba5 Kf7 31.Nd2 Rac8 32.c4 Ba6 33.Rd7+ Ke6 34.Rxa7 Nd4 35.Rxa6 Ke5  1-0

[Event "Open"]
[Site "Albarino ESP"]
[Date "2006.07.05"]
[Round "3"]
[White "De Dios Alija,R"]
[Black "Rodriguez Lopez,R"]
[Result "0-1"]
[WhiteElo "2074"]
[BlackElo "2281"]

1.e4 c5 2.Nf3 Nc6 3.d4 cxd4 4.Nxd4 Qb6 5.Nb3 e6 6.Be3 Qc7 7.Nc3 Nf6 8.Bd3 d6
9.f4 Be7 10.Qf3 a6 11.Qg3 O-O 12.O-O b5 13.Kh1 Nd7 14.f5 Bf6 15.Bg5 Bxg5
16.Qxg5 Nf6 17.Rf3 h6 18.Qh4 Ne5 19.Rh3 Kh8 20.Nd4 b4 21.Nce2 exf5 22.exf5 Bb7
23.Nf4 Rfe8 24.Nh5 Nxh5 25.Qxh5 Qe7 26.f6 Qxf6 27.Nf5 Nxd3 28.cxd3 Re5 29.Rf1 Rc8
30.d4 Rxf5  0-1

[Event "DS IM"]
[Site "Brno CZE"]
[Date "2006.07.06"]
[Round "8"]
[White "Nabaty,T"]
[Black "Vavra,P1"]
[Result "1-0"]
[WhiteElo "2156"]
[BlackElo "2311"]

1.e4 c5 2.Nf3 Nc6 3.d4 cxd4 4.Nxd4 Qb6 5.Nb3 Nf6 6.Nc3 e6 7.Bd3 Be7 8.O-O d6
9.Kh1 a6 10.Qe1 Qc7 11.Bg5 b5 12.a3 Bb7 13.f4 O-O 14.Qh4 e5 15.Nd5 Qd8 16.fxe5  1-0

[Event "25th Open"]
[Site "St Veit AUT"]
[Date "2006.07.10"]
[Round "3"]
[White "Widowitz,J"]
[Black "Pilaj,H"]
[Result "0-1"]
[WhiteElo "2029"]
[BlackElo "2380"]

1.e4 c5 2.Nf3 Nc6 3.d4 cxd4 4.Nxd4 Qb6 5.Nb3 Nf6 6.Nc3 e6 7.Be3 Qc7 8.Bd3 a6
9.O-O b5 10.f4 d6 11.Qe2 Be7 12.Rad1 Bb7 13.Nd4 O-O 14.Rf3 b4 15.Rh3 bxc3
16.e5 g6 17.exf6 Bxf6 18.bxc3 Ne7 19.Qg4 Qxc3 20.f5 exf5 21.Nxf5 Nxf5 22.Bxf5 Qe5
23.Rg3 Kh8 24.Bd4 Qxf5 25.Qxf5 Bxd4+ 26.Rxd4 gxf5 27.Rxd6 Rg8 28.Rd7 Rxg3
29.hxg3 Be4  0-1

[Event "Open A"]
[Site "Oberwart AUT"]
[Date "2006.07.11"]
[Round "4"]
[White "Csonka,A1"]
[Black "Gofshtein,Z"]
[Result "0-1"]
[WhiteElo "2305"]
[BlackElo "2521"]

1.e4 c5 2.Nf3 Nc6 3.d4 cxd4 4.Nxd4 Qc7 5.Nc3 e6 6.Be3 a6 7.Qd2 b5 8.Nb3 Nf6
9.f3 Be7 10.O-O-O Rb8 11.g4 d6 12.g5 Nd7 13.f4 b4 14.Na4 O-O 15.Kb1 Bb7 16.Bg2 Rfd8
17.Qf2 Ba8 18.h4 Rdc8 19.h5 Nd8 20.Nd4 Nc5 21.Nxc5 dxc5 22.Ne2 c4 23.Nd4 Nc6
24.g6 b3 25.gxh7+ Kxh7 26.cxb3 cxb3 27.Nxc6 Qxc6 28.axb3 Rxb3 29.Rc1 Qd7
30.Rxc8 Qxc8 31.h6 g6 32.Bd4 Qc4 33.Rc1 Qd3+ 34.Qc2 Qxd4 35.Qxb3 Bxe4+ 36.Bxe4 Qxe4+
37.Rc2 Qxf4 38.Qb7 Bd6 39.Qxa6 Kxh6 40.Qa8 Qd4 41.Rc3 Kg7 42.Rh3 Bf8 43.Qh1 g5
44.Rh8 Qd3+ 45.Ka2 Qd5+ 46.Qxd5 exd5 47.Rh1 g4 48.Rh5 Kg6 49.Rxd5 f5 50.Rd8 Be7
51.Rd7 Kf6 52.Kb3 g3 53.Kc4 f4 54.Rd1 g2 55.Rg1 f3  0-1

[Event "XXIV Andorra Open"]
[Site "Andorra la Vella AND"]
[Date "2006.07.12"]
[Round "5"]
[White "Edouard,R"]
[Black "Vila Gazquez,Ja"]
[Result "0-1"]
[WhiteElo "2404"]
[BlackElo "2345"]

1.e4 c5 2.Nf3 Nc6 3.d4 cxd4 4.Nxd4 Qc7 5.Nc3 e6 6.Be2 a6 7.Be3 b5 8.O-O Bb7
9.Nxc6 Bxc6 10.a3 Nf6 11.Qd3 d5 12.exd5 Nxd5 13.Bf3 Nxe3 14.Qxe3 Be7 15.Ne2 Bxf3
16.Qxf3 O-O 17.c3 Qc4 18.Nd4 Bf6 19.Rad1 a5 20.Qe3 Rfd8 21.Nf3 Qb3 22.Qc1 Rac8
23.Qb1 g6 24.Nd2 Qa4 25.Nf3 Be7 26.g3 f5 27.Nd2 Rd5 28.Nf3 Rcd8 29.Rd4 Rxd4
30.Nxd4 Qc4 31.Qe1 Kf7 32.Qe3 Bc5 33.Re1 Bxd4 34.cxd4 Rxd4 35.Qh6 Kg8 36.Rc1 Qd3
37.h4 Rc4 38.Re1 Rc2 39.Qf4 Qd2 40.Qb8+ Kg7 41.Qe5+ Kh6 42.Rf1 Rxb2 43.Qf6 b4
44.h5 Qc3 45.Qf8+ Kxh5 46.Qe7 g5 47.f3 Kg6  0-1

[Event "Inautomarket Open"]
[Site "Minsk BLR"]
[Date "2006.07.12"]
[Round "3"]
[White "Oleksienko,M"]
[Black "Korobkov,P"]
[Result "1/2-1/2"]
[WhiteElo "2497"]
[BlackElo "2417"]

1.e4 c5 2.Nf3 Nc6 3.d4 cxd4 4.Nxd4 Qb6 5.Nb3 Nf6 6.Nc3 e6 7.Bd3 a6 8.O-O Qc7
9.Be3 d6 10.f4 b5 11.Qf3 Bb7 12.Rae1 Be7 13.Kh1 Rd8 14.Qf2 Rc8 15.Bb6 Qb8
16.a4 bxa4 17.Nxa4 O-O 18.c3 e5 19.Qe2 d5 20.exd5 Nxd5 21.fxe5 g6 22.c4 Nxb6
23.Nxb6 Rcd8 24.Nd5 Bh4 25.Qe4 Nxe5 26.Qxh4 Bxd5 27.Rxe5 Bxg2+ 28.Kxg2 Qxe5
29.Bc2 Qxb2 30.Rf2 Qe5 31.Qf6 Qxf6 32.Rxf6 Rfe8 33.Kf3 Ra8 34.Be4 Ra7 35.Nd4 a5
36.Nc6 Kg7 37.Rxg6+ hxg6 38.Nxa7 a4 39.Nb5 Rh8 40.c5 a3 41.Nxa3 Rh3+ 42.Kf4 Rxa3
43.Ke5 Re3 44.Kd4 Re1 45.c6 Kf6 46.Bd5 Rc1 47.Bc4 Ke7 48.h4 f5 49.c7 Kd7
50.Bf7 Rg1 51.Ke5 Kxc7 52.h5 Re1+ 53.Kf4 Rf1+ 54.Ke5 Re1+ 55.Kf4 Rf1+ 56.Ke5 g5
57.h6 f4 58.Kf5 f3 59.Kxg5 f2 60.Bc4 Rc1 61.Bd3 Rd1 62.Bc4 Rc1 63.Bd3 Rd1
64.Bc4 f1=Q 65.Bxf1 Rxf1 66.h7 Rh1 67.Kg6 Kd7 68.Kg7  1/2-1/2

[Event "XXIV Andorra Open"]
[Site "Andorra la Vella AND"]
[Date "2006.07.14"]
[Round "7"]
[White "Sanz Alonso,F"]
[Black "Vila Gazquez,Ja"]
[Result "1-0"]
[WhiteElo "2400"]
[BlackElo "2345"]

1.e4 c5 2.Nf3 Nc6 3.d4 cxd4 4.Nxd4 Qc7 5.Nc3 e6 6.Be3 a6 7.Bd3 Nf6 8.Nb3 b5
9.O-O Ne5 10.h3 Nc4 11.Bxc4 bxc4 12.Nd2 Rb8 13.Rb1 Bb7 14.Qe2 Bb4 15.Bg5 d5
16.Bxf6 gxf6 17.exd5 Bxc3 18.bxc3 Bxd5 19.Rxb8+ Qxb8 20.Nxc4 Rg8 21.Ne3 Qb7
22.f3 Bxa2 23.c4 Rg5 24.Qd3 Qb6 25.Kh1 h5 26.f4 Rg3 27.Re1 Qc6 28.Kh2 h4
29.Qd4 Bxc4 30.Rb1 Bb5 31.c4 Qd7 32.Qxf6 Rxe3 33.Qh8+ Ke7 34.Qxh4+ Ke8 35.cxb5 axb5
36.Ra1 Qb7 37.Ra8+ Kd7 38.Qd8+ Kc6 39.Rc8+ Qxc8 40.Qxc8+ Kd5 41.Qb7+ Kc4
42.Qc6+ Kb4 43.h4 Rc3 44.Qb7 Rc5 45.Qxf7 Kc3 46.h5  1-0

[Event "6th TCh-Euro u18"]
[Site "Balatonlelle HUN"]
[Date "2006.07.14"]
[Round "3"]
[White "Bindrich,F"]
[Black "Chirila,I"]
[Result "1-0"]
[WhiteElo "2486"]
[BlackElo "2292"]

1.e4 c5 2.Nf3 Nc6 3.d4 cxd4 4.Nxd4 Qb6 5.Nb3 Nf6 6.Nc3 e6 7.Qe2 Bb4 8.Bd2 O-O
9.a3 Be7 10.O-O-O d5 11.exd5 Nxd5 12.Nxd5 exd5 13.Bc3 Be6 14.Nd4 Nxd4 15.Bxd4 Qc6
16.Qf3 Bc5 17.Bxc5 Qxc5 18.Bd3 d4 19.Rhe1 Rfe8 20.Qf4 Rad8 21.Re5 Qd6 22.Rde1 f6
23.R5e4 Qxf4+ 24.Rxf4 Bd5 25.Rxe8+ Rxe8 26.g3 Bc6 27.Rxd4 g6 28.b4 Re5 29.Kd2 Kf7
30.c4 a6 31.h4 h6 32.f4 Re7 33.b5 axb5 34.cxb5 Bf3 35.a4 g5 36.a5 Rc7 37.a6 bxa6
38.bxa6 Ke6 39.Ke3 Bg2 40.Ra4 Ra7 41.fxg5 fxg5 42.hxg5 hxg5 43.Ra5 g4 44.Be4  1-0

[Event "Inautomarket Open"]
[Site "Minsk BLR"]
[Date "2006.07.14"]
[Round "5"]
[White "Vovk,A"]
[Black "Konstantinov,Mi"]
[Result "1-0"]
[WhiteElo "2388"]
[BlackElo "2268"]

1.e4 c5 2.Nf3 Nc6 3.d4 cxd4 4.Nxd4 Qb6 5.Nb3 Nf6 6.Nc3 e6 7.Be3 Qc7 8.a3 a6
9.Bd3 b5 10.O-O Be7 11.f4 d6 12.Qf3 Bb7 13.Rae1 b4 14.Ne2 bxa3 15.bxa3 O-O
16.Ned4 Nxd4 17.Bxd4 e5 18.Bb2 Nd7 19.Kh1 Nb6 20.Nd2 Rac8 21.Rb1 Na4 22.Ba1 Nc5
23.fxe5 dxe5 24.Bc4 Bg5 25.Qg3 Qd8 26.Qxe5 Bh6 27.Bd5 Bxd5 28.exd5 Nd7 29.Qb2 Qg5
30.Nf3 Qxd5 31.Rbd1 Qe6 32.Nd4 Qb6 33.Qxb6 Nxb6 34.Nf5 Bg5 35.Bxg7 Rfd8 36.Bd4 Rc6
37.h4 Bf6 38.Bxf6 Rxd1 39.Rxd1  1-0

[Event "6th TCh-Euro u18 Girls"]
[Site "Balatonlelle HUN"]
[Date "2006.07.17"]
[Round "6"]
[White "Kiss,K"]
[Black "Djukic,Sa"]
[Result "0-1"]
[WhiteElo "2066"]
[BlackElo "2137"]

1.e4 c5 2.Nf3 Nc6 3.d4 cxd4 4.Nxd4 Qc7 5.Nc3 e6 6.Be3 a6 7.Qd2 Nf6 8.f3 Be7
9.O-O-O O-O 10.g4 b5 11.Kb1 Bb7 12.g5 Ne8 13.h4 Nxd4 14.Bxd4 Rc8 15.Bd3 e5
16.Be3 Bb4 17.f4 Nd6 18.Qg2 Bxc3 19.bxc3 Qxc3 20.Bd2 Qd4 21.Rhe1 Nc4 22.Bxc4 Rxc4
23.Ba5 Qc5 24.Rxd7 Bc6 25.Rdd1 Qa3 26.Qd2 Bxe4  0-1

[Event "Aegean Open"]
[Site "Agios Kirikos GRE"]
[Date "2006.07.18"]
[Round "8"]
[White "Davanos,T"]
[Black "Kakkanas,E"]
[Result "0-1"]
[WhiteElo "1961"]
[BlackElo "2135"]

1.e4 c5 2.Nf3 Nc6 3.d4 cxd4 4.Nxd4 Qc7 5.Nc3 e6 6.Be3 a6 7.Be2 Nf6 8.O-O Bb4
9.Nxc6 bxc6 10.Na4 Bd6 11.f4 Nxe4 12.Nb6 Rb8 13.Nxc8 Rxc8 14.Bxa6 Rb8 15.Bd3 Nf6
16.b3 Nd5 17.Qf3 Qa5 18.Bf2 Nxf4 19.Be3 Nxd3 20.Qxf7+ Kd8 21.cxd3 Qe5 22.Qf4 Kc7
23.Rac1 Qh5 24.g4 Qh4 25.Qf2 Qxg4+ 26.Qg2 Qh5 27.Bf4 e5 28.Bg3 Rhe8 29.Qe4 Re6
30.Rf5 Qg6 31.Kg2 Qh6 32.Rcf1 Rb4 33.Qe1 Rb5 34.Qe4 Rd5 35.Qa4 Bc5 36.Qa5+ Bb6
37.Qc3 Bd4 38.Qc4 Rf6 39.a4 Qd2+ 40.Kh1 Rxf5 41.Rxf5 Qd1+ 42.Kg2 Qe2+ 43.Kh1 Rd6
44.Rf7 Qd1+ 45.Kg2 Qg1+ 46.Kf3 Qf1+ 47.Kg4 Qe2+ 48.Kh3 Rh6+ 49.Bh4 Qh5  0-1

[Event "Czech Open B2"]
[Site "Pardubice CZE"]
[Date "2006.07.21"]
[Round "1"]
[White "Matsenko,V"]
[Black "Nemec,V"]
[Result "1-0"]
[WhiteElo "2174"]
[BlackElo "1882"]

1.e4 c5 2.Nf3 Nc6 3.d4 cxd4 4.Nxd4 Qc7 5.Nc3 e6 6.Be3 a6 7.Be2 Nf6 8.O-O Be7
9.f4 d6 10.Bf3 Nxd4 11.Bxd4 e5 12.Be3 exf4 13.Bxf4 Be6 14.Kh1 O-O 15.Qd2 Nd7
16.Nd5 Bxd5 17.Qxd5 Ne5 18.c3 Rac8 19.Rad1 b5 20.Be2 Rfe8 21.Bxe5 dxe5 22.Qxf7+ Kh8
23.Bg4 Rcd8 24.Bd7  1-0